La educación de personas jóvenes y adultas en América Latina y el Caribe : prioridades de acción en el siglo XXI /

Guardado en:
Bibliografiske detaljer
Format: Bog
Sprog:spansk
Fag:
Tags: Tilføj Tag
Ingen Tags, Vær først til at tagge denne postø!

MARC

LEADER 00000nam^a2200000^a^4500
001 000388999
005 20250521000000.0
009 20260310121108.844
037 |a Acervo ITESO - Biblioteca 
041 |a ESP 
082 |a 374. 980  |b EDU 
245 0 3 |a La educación de personas jóvenes y adultas en América Latina y el Caribe :  |b prioridades de acción en el siglo XXI / 
264 |a Santiago, Chile :  |b UNESCO,  |c 2000 
300 |a 297 p. 
336 |a texto  |b txt  |2 rdacontenido 
337 |a sin mediación  |b n  |2 rdamedio 
338 |a volumen  |b nc  |2 rdasoporte 
649 |a XX 
650 |a Desarrollo Sustentable -  |z Latinoamérica 
650 |a Alfabetización -  |z Latinoamérica 
650 |a Educación de Adultos -  |z Latinoamérica -  |x Tema Principal 
650 |a Educación y Género -  |z Latinoamérica 
650 |a Educación y Trabajo -  |z Latinoamérica 
650 |a Educación y Política -  |z Latinoamérica 
650 |a Latinoamérica -  |x Condiciones Sociales y Culturales 
910 |a Fondo Carlos Núñez Hurtado 
920 |a Impresos - Libros 
930 |a Fondos Especiales 
905 |a 117 
901 |a 0500283566  |b IT2  |c ESP  |i D80797  |u 20250521 
901 |a 0500291913  |b IT2  |c ESP  |i D79854  |u 20250521 
902 |a https://opac.biblio.iteso.mx/vufind/Record/000388999